Quiz sur Porto Rico - Statistiques

Statistiques générales
  • Ce quiz a été pris 60 fois
    54 depuis la dernière actualisation
  • Le résultat moyen est 10 sur 16
Statistiques - réponses
Question Réponse % Correct
Langue co-officielle de facto parlée par 95% de la population Espagnol
100%
Il s'agit du point le plus au sud de ce fameux triangles Triangle des {Bermudes}
98%
Seconde langue co-officielle Anglais
96%
La religion la plus pratiquée Christianisme
94%
Seul pays européen à avoir colonisé Porto Rico jusqu'en 1898 Espagne
88%
Le territoire veut devenir le 51e état de ce pays États-Unis
83%
Capitale et plus grande ville de Porto Rico San Juan
79%
Que signifie Porto Rico ou plutôt, Puerto Rico dans cette langue ? Port Riche
75%
Chanson de Luis Fonsi et Daddy Yankee sortie en 2017, devenu mondialement connue Despacito
71%
Ils ne peuvent pas votés aux présidentielles mais ils sont quand même _______ Citoyens
60%
Explorateur qui a accosté sur l'île en 1493 Christophe Colomb
42%
Comédie musicale d'Arthur Laurents et Steven Sondheim ayant les conflits entre les bandes blanche et portoricaines à New York West Side Story
23%
Deux autres îles rattachées à Porto Rico Culebra
17%
Infrastructure humaine située à Arecibo qui était la plus grande de son type jusqu'en 2016 Radiotélescope
17%
Deux autres îles rattachées à Porto Rico Vieques
17%
Les baies de Laguana Grande, la Parguera et Mosquito Bay sont habitées par des algues... Bioluminéscentes
6%
Aucun quiz correspondant
Distribution des résultats
% des personnes avec chaque résultat
Percentile par nombre de réponses
Votre historique - résultats
Vous n’avez pas pris ce quiz depuis la dernière actualisation